Statistiques concernant Pays les plus proches de l'Espagne - une minute sprint

Cliquez ici pour prendre le quiz!

Statistiques générales

  • Ce quiz a été pris 155 fois
  • Le résultat moyen est 14 sur 20

Statistiques - réponses

kmpays% Correct
0France
99%
0Portugal
97%
334Italie
94%
0Maroc
92%
68Algérie
89%
0Andorre
88%
468Suisse
88%
498Tunisie
88%
671Allemagne
78%
805Belgique
74%
374Monaco
69%
703Royaume-Uni
65%
811Luxembourg
62%
719Vatican
56%
802Saint-Marin
52%
724Autriche
50%
314Mauritanie
47%
816Mali
43%
860Irlande
38%
716Liechtenstein
35%

Distribution des résultats

Percentile par nombre de réponses

% des personnes avec chaque résultat

Votre développement - résultats

Vous n’avez pas pris ce quiz